Wird geladen...
Cambal
| 1. Verfasser: | |
|---|---|
| Format: | Printed Book |
| Sprache: | Malayalam |
| Veröffentlicht: |
D.C. Books, Kottayam
D.C. Books, Kottayam
80
|
| LEADER | 00471nam a2200133Ia 4500 | ||
|---|---|---|---|
| 008 | 111205s9999 xx 000 0 mal d | ||
| 082 | |a 853 KAS/S | ||
| 100 | |a Mohanavarma.K.N | ||
| 245 | |a Cambal |c Mohanavarma.K.N | ||
| 260 | |b D.C. Books, Kottayam |a D.C. Books, Kottayam |c 80 | ||
| 300 | |a 219 | ||
| 942 | |c BK | ||
| 999 | |c 207454 |d 207454 | ||
| 952 | |0 0 |1 0 |4 0 |6 853_000000000000000_KAS_S |7 0 |9 229441 |a MAL |b MAL |c ST1 |d 2011-12-05 |g 12.00 |l 0 |o 853 KAS/S |p MAL16351 |r 2015-04-13 |v 12.00 |w 2015-04-13 |y BK |k 1.00 | ||